MARC

LEADER 00000nam0a2200000 4500
001 314991
005 20231102002731.0
035 |a (RuTPU)RU\TPU\book\340424 
090 |a 314991 
100 |a 20160222d1981 k y0rusy5003 ca 
101 0 |a rus 
102 |a RU 
105 |a a z 001zy 
200 1 |a Гидравлические и гидродинамические исследования арматуры  |e сборник научных трудов  |f Центральное конструкторское бюро арматуростроения 
210 |a Ленинград  |c Изд-во ЦКБА  |d 1981 
215 |a 82 с.  |c ил. 
320 |a Библиография в конце статей 
606 1 |a Трубопроводная арматура  |x Качество  |2 stltpush  |3 (RuTPU)RU\TPU\subj\61722  |9 78885 
610 1 |a поворотные затворы 
610 1 |a отработка 
610 1 |a сжимаемые среды 
610 1 |a предохранительные клапаны 
610 1 |a коэффициент расхода 
610 1 |a расчет 
610 1 |a регуляторы расхода 
610 1 |a регуляторы давления 
610 1 |a конструкции 
610 1 |a реальные среды 
610 1 |a термодинамические свойства 
675 |a 621.646  |v 4 
712 0 2 |a Центральное конструкторское бюро арматуростроения  |2 stltpush  |3 (RuTPU)RU\TPU\col\11314  |9 25036 
801 0 |a RU  |b RuMRKP  |c 19950704  |g psbo 
801 1 |a RU  |b 63413507  |c 20160222 
801 2 |a RU  |b 63413507  |c 20200721  |g RCR 
942 |c BK